000 00564nam a2200205 a 4500
001 19702
003 CO-ViMGA
008 141112s2004 ck r 000 u spa d
020 _a8495114445
040 _aCO-ViMGA
_bspa
_cCO-ViMGA
082 0 4 _a796.37 F423
245 1 0 _aFichero de cualidades físicas y motrices
260 _aBarcelona :
_bINDE,
_c1999
300 _a40 fichas
590 _aForma de adquisición : Premio Mincultura
650 1 4 _aeducación FISICA
650 1 4 _aMOTRICIDAD - educación
_928518
650 1 4 _aPSICOMOTRICIDAD
942 _2ddc
_cBK
999 _c28837
_d28837